000 01068nam a2200313Ia 4500
003 OSt
005 20220912150215.0
006 a|||||r|||| 00| 0
007 ta
008 220909b |||||||| |||| 00| 0 eng d
020 _a0787977543 (hbd)
024 _a17979
037 _b1221, 27/03/2006, The Book Seller
037 _cTextbook
040 _aCSL
_beng
_cCSL
041 _aeng
082 _aB2T0b8, P5 TB
100 _aLevine Harvey A
245 0 _aProject portfolio management: a practical guide to selecting projects, managing portfolios, and maximizing benefits
260 _aSan Francisco
_bJohn Wiley & Sons,Inc.
_c2005
300 _axxi, 538p.
_ccm.
490 _aJossey-Bass business and management series
500 _aBibliographical references 507-521p.
_ccm.; Index 522-538p.
_ccm.
650 _a Project management
650 _a Project portfolio management
650 _aOperational Research
942 _hB2T0b8, P5 TB
_cTB
_2CC
999 _c41918
_d41918